Washington ou Washington D.C. - Statistiques

Statistiques générales
  • Ce quiz a été pris 50 fois
  • Le résultat moyen est 7 sur 10
Statistiques - réponses
Question Réponse % Correct
Est nommé en honneur de George Washington Les deux
100%
A la plus grande population Washington
100%
Est l’état d’origine du créateur de JetPunk Washington
100%
Dont la capitale a la plus grande population (Sans l’aire urbaine) Washington D.C.
100%
A une équipe en NFL Les deux
67%
Est un état des États-Unis Washington
67%
A la plus grande densité Washington D.C.
67%
Est le plus proche de Kansas City à vol d’oiseau Washington D.C.
67%
A pour devise « Demain » Aucun
0%
A eu la plus augmentation de la population entre 2000 et 2010 Washington
0%
Aucun quiz correspondant
Distribution des résultats
% des personnes avec chaque résultat
Percentile par nombre de réponses
Votre historique - résultats
Vous n’avez pas pris ce quiz